000 00749nam a2200181Ia 4500
008 151202s9999||||xx |||||||||||||| ||und||
082 _bPNVM-48784
100 _aप्रभु सुधाकर.
245 _aमहायोगी ( महायोगी अरविंद चरित्र ).
260 _b"जगताप कारले प्रकाशन, पुणे."
260 _c0
300 _a64
600 _aप्रभु सुधाकर.
630 _aमहायोगी ( महायोगी अरविंद चरित्र ).
700 _aप्रभु सुधाकर.
730 _aमहायोगी ( महायोगी अरविंद चरित्र ).
942 _cBOOK
999 _c1314721
_d1314718